[Event "PNWCC vs Europe Hybrid 08"]
[Site "Chess.com INT"]
[Date "2022.08.21"]
[Round "5"]
[White "Levine, Joseph1111"]
[Black "Antonov, Vladimir"]
[Result "1-0"]
[WhiteElo "2254"]
[BlackElo "2318"]
[PlyCount "113"]
[EventDate "2022.08.19"]
[EventType "team-match"]
[EventRounds "8"]
[EventCountry "USA"]
[SourceTitle "EXT 2024"]
[Source "ChessBase"]
[SourceDate "2023.10.10"]
[SourceVersion "1"]
[SourceVersionDate "2023.10.10"]
[SourceQuality "1"]
[WhiteTeam "PNWCC"]
[BlackTeam "Europe"]
[WhiteTeamCountry "USA"]

1. e4 e5 2. Nf3 Nc6 3. Bc4 Be7 4. d4 d6 5. dxe5 dxe5 6. Qxd8+ Bxd8 7. Nc3 Nf6 8. Be3 Be6 9. Bxe6 fxe6 10. h3 0-0 11. 0-0-0 a6 12. a3 h6 13. Bc5 Re8 14. Rhe1 b6 15. Be3 Be7 16. Nd2 Red8 17. Nb3 Rxd1+ 18. Rxd1 Rd8 19. Rxd8+ Bxd8 20. Kd2 Be7 21. Kd3 Kf7 22. Ne2 Nd7 23. Ng1 Bd6 24. Nf3 Na7 25. Nc1 Kf6 26. g4 c5 27. Ne2 Nc6 28. g5+ hxg5 29. Bxg5+ Kg6 30. Be3 Nd4 31. Nd2 b5 32. c4 Kh5 33. Nc3 b4 34. axb4 cxb4 35. Bxd4 exd4 36. Na4 e5 37. c5 Bc7 38. Kc4 Kh4 39. Kd5 Nb8 40. c6 Kxh3 41. Nc5 Kg2 42. Ne6 Kxf2 43. Nxc7 Nxc6 44. Kxc6 Ke3 45. Kd5 Kxd2 46. Kxe5 d3 47. Nd5 Kc1 48. Kd4 d2 49. Ne3 g5 50. e5 g4 51. Ke4 Kxb2 52. e6 g3 53. Kf3 b3 54. e7 g2 55. Kxg2 Ka3 56. e8Q b2 57. Nc4+ 1-0

[Event "PNWCC vs Europe Hybrid 08"]
[Site "Chess.com INT"]
[Date "2022.08.19"]
[Round "1"]
[White "He, Anthony B"]
[Black "Antonov, Vladimir"]
[Result "1-0"]
[WhiteElo "2470"]
[BlackElo "2318"]
[PlyCount "119"]
[EventDate "2022.08.19"]
[EventType "team-match"]
[EventRounds "8"]
[EventCountry "USA"]
[SourceTitle "EXT 2024"]
[Source "ChessBase"]
[SourceDate "2023.10.10"]
[SourceVersion "1"]
[SourceVersionDate "2023.10.10"]
[SourceQuality "1"]
[WhiteTeam "PNWCC"]
[BlackTeam "Europe"]
[WhiteTeamCountry "USA"]

1. e4 e5 2. Nf3 Nc6 3. Bc4 Nf6 4. d3 Be7 5. 0-0 0-0 6. Nc3 d6 7. a4 Bg4 8. h3 Bh5 9. Be3 Qd7 10. Nd5 Nxd5 11. Bxd5 Nd8 12. Nxe5 dxe5 13. Qxh5 c6 14. Ba2 Bd6 15. Qg4 Qxg4 16. hxg4 h6 17. g3 Ne6 18. Kg2 g5 19. c3 Nc5 20. Bc4 a6 21. a5 Kg7 22. Kf3 Rae8 23. Ke2 Nd7 24. Rh1 Bc5 25. Bd2 Nf6 26. f3 Rd8 27. Rh2 Rh8 28. Rah1 Ba7 29. Kd1 Rde8 30. Kc2 Rd8 31. Bc1 Rde8 32. b3 Bc5 33. Bb2 Bd6 34. b4 Re7 35. Bc1 Ree8 36. Be3 Nd7 37. Rh3 Nf6 38. Kb3 Rc8 39. d4 Rce8 40. Bd3 Bc7 41. Re1 Rd8 42. Kc2 Nd7 43. d5 cxd5 44. exd5 Nf6 45. c4 Rhe8 46. Be4 Rd6 47. Reh1 Nxe4 48. fxe4 Rf6 49. c5 Rc8 50. Kd3 Rg6 51. Rf1 Rh8 52. Rh2 Rf6 53. Rxf6 Kxf6 54. Kc4 Bd8 55. Rh5 Kg6 56. d6 Rh7 57. Kd5 f6 58. Ke6 Rg7 59. c6 bxc6 60. Bb6 1-0

[Event "FICGS W-ch final email"]
[Site "FICGS email"]
[Date "2017.05.12"]
[Round "1"]
[White "Kulick, Neil"]
[Black "Antonov, Vladimir"]
[Result "1/2-1/2"]
[WhiteElo "2271"]
[BlackElo "2366"]
[PlyCount "38"]
[EventDate "2017.??.??"]
[EventType "tourn (corr)"]
[EventRounds "6"]
[EventCategory "5"]
[SourceTitle "Corr 2022"]
[Source "ChessBase"]
[SourceDate "2021.10.24"]
[SourceVersion "1"]
[SourceVersionDate "2021.10.24"]
[SourceQuality "1"]

1. d4 d5 2. c4 c6 3. Nf3 Nf6 4. Nc3 e6 5. Bg5 h6 6. Bh4 dxc4 7. e4 g5 8. Bg3 b5 9. Be2 Bb7 10. h4 Rg8 11. hxg5 hxg5 12. e5 Nd5 13. Nd2 Nd7 14. Rh7 Nxc3 15. bxc3 c5 16. Rb1 Qc7 17. Bh5 Rg7 18. Rxg7 Bxg7 19. Qg4 Kf8 1/2-1/2

[Event "FICGS W-ch st2 g01 email"]
[Site "FICGS email"]
[Date "2016.08.04"]
[Round "1"]
[White "Antonov, Vladimir"]
[Black "Flores, Luis"]
[Result "1-0"]
[WhiteElo "2372"]
[BlackElo "2101"]
[PlyCount "71"]
[EventDate "2016.??.??"]
[EventType "tourn (corr)"]
[EventRounds "8"]
[SourceTitle "Corr 2022"]
[Source "ChessBase"]
[SourceDate "2021.10.24"]
[SourceVersion "1"]
[SourceVersionDate "2021.10.24"]
[SourceQuality "1"]

1. d4 d5 2. c4 e6 3. Nf3 Nf6 4. Nc3 c6 5. Bg5 h6 6. Bh4 dxc4 7. e4 g5 8. Bg3 b5 9. Be2 Bb7 10. 0-0 Nbd7 11. Ne5 Bg7 12. Nxd7 Nxd7 13. Bd6 a6 14. a4 e5 15. Bg4 exd4 16. e5 c5 17. Re1 Nxe5 18. Bxe5 0-0 19. Bxg7 Kxg7 20. Ne2 f5 21. Bh5 f4 22. b3 Kh8 23. bxc4 bxc4 24. Qc2 Bd5 25. Nc3 Bg8 26. Ne4 Qd5 27. Bf3 Qf5 28. h3 Rab8 29. Rab1 Rfe8 30. Rxb8 Rxb8 31. Qd2 Rb4 32. a5 Qe5 33. Qc1 Qf5 34. Qd1 Qf8 35. Be2 Rb8 36. Qa4 1-0

[Event "FICGS W-ch st1 gN 02 email"]
[Site "FICGS email"]
[Date "2015.08.01"]
[Round "1"]
[White "Cornel, Matei"]
[Black "Antonov, Vladimir"]
[Result "1/2-1/2"]
[WhiteElo "2173"]
[BlackElo "2373"]
[PlyCount "76"]
[EventDate "2015.??.??"]
[EventType "tourn (corr)"]
[EventRounds "6"]
[SourceTitle "Corr 2022"]
[Source "ChessBase"]
[SourceDate "2021.10.24"]
[SourceVersion "1"]
[SourceVersionDate "2021.10.24"]
[SourceQuality "1"]

1. e4 e5 2. Nf3 Nc6 3. Bb5 Nf6 4. 0-0 Nxe4 5. d4 Nd6 6. Bxc6 dxc6 7. dxe5 Nf5 8. Qxd8+ Kxd8 9. Rd1+ Ke8 10. Nc3 Be7 11. Ne2 b6 12. Ned4 Bd7 13. c4 Rd8 14. Bf4 Nxd4 15. Nxd4 g5 16. e6 fxe6 17. Bxc7 Rc8 18. Bg3 g4 19. a4 h5 20. Rd3 h4 21. Be5 Rh5 22. Re1 b5 23. b3 a6 24. Bf4 bxc4 25. bxc4 Kf7 26. Nf3 gxf3 27. Rxd7 Rd8 28. Rc7 Rd4 29. g3 e5 30. g4 Rh7 31. Bxe5 Rxg4+ 32. Kf1 Rh6 33. Re3 Rxc4 34. Bc3 Re6 35. Rxf3+ Kg6 36. a5 Bb4 37. Bxb4 Rxb4 38. Rc3 Ra4 1/2-1/2

[Event "FICGS W-ch st2 g01 email"]
[Site "FICGS email"]
[Date "2014.03.18"]
[Round "1"]
[White "Antonov, Vladimir"]
[Black "Cade, Stephen"]
[Result "1/2-1/2"]
[WhiteElo "2329"]
[BlackElo "2183"]
[PlyCount "71"]
[EventDate "2014.??.??"]
[EventType "tourn (corr)"]
[EventRounds "8"]
[SourceTitle "Corr 2022"]
[Source "ChessBase"]
[SourceDate "2021.10.24"]
[SourceVersion "1"]
[SourceVersionDate "2021.10.24"]
[SourceQuality "1"]

1. e4 c5 2. Nf3 d6 3. d4 cxd4 4. Nxd4 Nf6 5. Nc3 a6 6. Be3 e5 7. Nb3 Be6 8. f3 Be7 9. Qd2 0-0 10. 0-0-0 Nbd7 11. g4 b5 12. g5 b4 13. Ne2 Ne8 14. f4 a5 15. f5 a4 16. fxe6 axb3 17. cxb3 fxe6 18. Bh3 Rxa2 19. Bxe6+ Kh8 20. Ng3 Nc7 21. Bc4 Qa8 22. Rhf1 Rxf1 23. Rxf1 Ra1+ 24. Kc2 Rxf1 25. Bxf1 d5 26. Qf2 g6 27. h4 Kg7 28. Kb1 Qf8 29. Qc2 Nc5 30. exd5 Nxd5 31. Bxc5 Bxc5 32. Qe4 Qd6 33. Qf3 Be3 34. Bc4 e4 35. Nxe4 Qf4 36. Qh1 1/2-1/2

[Event "FICGS class M 000066 email"]
[Site "FICGS email"]
[Date "2013.12.21"]
[Round "1"]
[White "Antonov, Vladimir"]
[Black "Burden, Don"]
[Result "1/2-1/2"]
[WhiteElo "2293"]
[BlackElo "2236"]
[PlyCount "115"]
[EventDate "2013.??.??"]
[EventType "tourn (corr)"]
[EventRounds "6"]
[SourceTitle "Corr 2022"]
[Source "ChessBase"]
[SourceDate "2021.10.24"]
[SourceVersion "1"]
[SourceVersionDate "2021.10.24"]
[SourceQuality "1"]

1. e4 g6 2. d4 Bg7 3. Nc3 d6 4. Nf3 a6 5. Bc4 e6 6. 0-0 b5 7. Bd3 Bb7 8. b4 Nc6 9. Rb1 Qd7 10. Ne2 Nf6 11. a4 bxa4 12. c3 0-0 13. Ng3 Na7 14. Qc2 Rfd8 15. Rd1 e5 16. d5 c6 17. c4 cxd5 18. exd5 Rac8 19. Qa2 Nb5 20. Bb2 Nc7 21. Bc2 Nce8 22. Bxa4 Qc7 23. Nd2 Bh6 24. Ngf1 Rb8 25. h3 Bc8 26. Bc3 Bb7 27. Qc2 Nh5 28. Ne3 Nef6 29. Re1 Rdc8 30. Rbc1 Qd8 31. Qd3 Nf4 32. Qf1 Rc7 33. g3 N4xd5 34. cxd5 Bxe3 35. fxe3 Nxd5 36. Bb2 Nxb4 37. Rxc7 Qxc7 38. Rc1 Qe7 39. Bb3 a5 40. Ba3 Kg7 41. Kh2 d5 42. h4 h6 43. Qb5 Qd8 44. Bxb4 axb4 45. Qxb4 Ba6 46. Qc3 Qf6 47. Kg2 Rc8 48. Qa1 Rxc1 49. Qxc1 Qd6 50. Qc3 Bb7 51. Kf2 Qf6+ 52. Kg1 g5 53. h5 Qd6 54. Nf3 d4 55. exd4 Bxf3 56. Qxf3 Qxd4+ 57. Kf1 Qd7 58. Ke2 1/2-1/2

[Event "FICGS class M 000066 email"]
[Site "FICGS email"]
[Date "2013.12.21"]
[Round "1"]
[White "Simmelink, Joop Theo"]
[Black "Antonov, Vladimir"]
[Result "1/2-1/2"]
[WhiteElo "2272"]
[BlackElo "2293"]
[PlyCount "107"]
[EventDate "2013.??.??"]
[EventType "tourn (corr)"]
[EventRounds "6"]
[SourceTitle "Corr 2022"]
[Source "ChessBase"]
[SourceDate "2021.10.24"]
[SourceVersion "1"]
[SourceVersionDate "2021.10.24"]
[SourceQuality "1"]

1. e4 e5 2. Nf3 Nc6 3. Bb5 Nf6 4. d3 Bc5 5. c3 0-0 6. 0-0 d6 7. h3 Bd7 8. Re1 Re8 9. Nbd2 a6 10. Ba4 b5 11. Bc2 Bb6 12. Nf1 h6 13. Be3 Bxe3 14. Nxe3 Ne7 15. d4 Ng6 16. Nf5 exd4 17. N3xd4 Qb8 18. Qd3 Qb6 19. Rad1 a5 20. Qg3 a4 21. a3 Rad8 22. Re3 Bc8 23. h4 Kh8 24. h5 Bxf5 25. Nxf5 Nxh5 26. Qf3 Nhf4 27. Bb1 Re5 28. Qg4 Ne6 29. Kh2 Rf8 30. Ba2 Ng5 31. Rde1 Ne7 32. Ng3 Nh7 33. f4 Rc5 34. Nh5 g6 35. Ng3 Ng8 36. e5 h5 37. Qd7 dxe5 38. fxe5 Nh6 39. Kh1 Ng4 40. R3e2 f5 41. Nf1 Rc6 42. g3 Qc5 43. Nh2 Rb6 44. Nxg4 fxg4 45. Rd1 Ng5 46. Bd5 Nf3 47. e6 Rd6 48. Qe7 Rg8 49. Kg2 Rg7 50. Qf8+ Kh7 51. e7 Rxd5 52. e8Q Qxf8 53. Rxd5 Nh4+ 54. Kh2 1/2-1/2

[Event "FICGS W-ch st1 gM 01 email"]
[Site "FICGS email"]
[Date "2013.07.02"]
[Round "1"]
[White "Sharland, Michael"]
[Black "Antonov, Vladimir"]
[Result "1/2-1/2"]
[WhiteElo "2291"]
[BlackElo "2288"]
[PlyCount "44"]
[EventDate "2013.??.??"]
[EventType "tourn (corr)"]
[EventRounds "6"]
[EventCategory "1"]
[SourceTitle "Corr 2022"]
[Source "ChessBase"]
[SourceDate "2021.10.24"]
[SourceVersion "1"]
[SourceVersionDate "2021.10.24"]
[SourceQuality "1"]

1. d4 d5 2. c4 c6 3. Nf3 Nf6 4. Nc3 e6 5. Bg5 h6 6. Bxf6 Qxf6 7. e3 Nd7 8. Bd3 dxc4 9. Bxc4 g6 10. 0-0 Bg7 11. Qc2 0-0 12. Ne4 Qe7 13. Bb3 e5 14. Ng3 Kh8 15. Rac1 f5 16. h3 Kh7 17. Ne2 e4 18. Nd2 Nf6 19. Rfd1 a5 20. Nf4 Bd7 21. a3 g5 22. Ne2 Nd5 1/2-1/2

[Event "FICGS W-ch st1 gM 01 email"]
[Site "FICGS email"]
[Date "2013.07.02"]
[Round "1"]
[White "Tsygankov, Evgeny Georgievich"]
[Black "Antonov, Vladimir"]
[Result "1/2-1/2"]
[WhiteElo "2325"]
[BlackElo "2288"]
[PlyCount "49"]
[EventDate "2013.??.??"]
[EventType "tourn (corr)"]
[EventRounds "6"]
[EventCategory "1"]
[SourceTitle "Corr 2022"]
[Source "ChessBase"]
[SourceDate "2021.10.24"]
[SourceVersion "1"]
[SourceVersionDate "2021.10.24"]
[SourceQuality "1"]

1. d4 d5 2. c4 c6 3. Nf3 Nf6 4. Nc3 e6 5. e3 Nbd7 6. Qc2 Bd6 7. Bd3 dxc4 8. Bxc4 b5 9. Bd3 Bb7 10. a3 a6 11. b4 a5 12. bxa5 0-0 13. 0-0 Rxa5 14. Bb2 Qe7 15. Ne4 Nxe4 16. Bxe4 h6 17. Bxc6 Rc8 18. d5 Ra6 19. Qe2 Bxc6 20. dxc6 Raxc6 21. Qxb5 e5 22. Rfd1 e4 23. Nd4 Rc5 24. Nf5 Qd8 25. Qb7 1/2-1/2

[Event "FICGS class M 000063 email"]
[Site "FICGS email"]
[Date "2013.06.19"]
[Round "1"]
[White "Dineen, Thomas"]
[Black "Antonov, Vladimir"]
[Result "1/2-1/2"]
[WhiteElo "2223"]
[BlackElo "2286"]
[PlyCount "58"]
[EventDate "2013.??.??"]
[EventType "tourn (corr)"]
[EventRounds "6"]
[SourceTitle "Corr 2022"]
[Source "ChessBase"]
[SourceDate "2021.10.24"]
[SourceVersion "1"]
[SourceVersionDate "2021.10.24"]
[SourceQuality "1"]

1. d4 d5 2. c4 c6 3. Nc3 e6 4. e4 dxe4 5. Nxe4 Bb4+ 6. Nc3 c5 7. a3 Bxc3+ 8. bxc3 Nf6 9. Nf3 Qa5 10. Bd2 Ne4 11. Bd3 Nxd2 12. Qxd2 0-0 13. Ra2 Nc6 14. 0-0 cxd4 15. cxd4 Qxd2 16. Rxd2 Na5 17. Rb1 Bd7 18. Ng5 g6 19. Ne4 Rfd8 20. c5 Rac8 21. f3 Rc7 22. Kf2 Kg7 23. Nd6 Bc6 24. Bb5 Kf8 25. Bxc6 Nxc6 26. Rxb7 Rxb7 27. Nxb7 Rxd4 28. Rxd4 Nxd4 29. Ke3 Nc6 1/2-1/2

[Event "FICGS class M 000063 email"]
[Site "FICGS email"]
[Date "2013.06.19"]
[Round "1"]
[White "Koslowski, Volker"]
[Black "Antonov, Vladimir"]
[Result "1/2-1/2"]
[WhiteElo "2220"]
[BlackElo "2286"]
[PlyCount "54"]
[EventDate "2013.??.??"]
[EventType "tourn (corr)"]
[EventRounds "6"]
[SourceTitle "Corr 2022"]
[Source "ChessBase"]
[SourceDate "2021.10.24"]
[SourceVersion "1"]
[SourceVersionDate "2021.10.24"]
[SourceQuality "1"]

1. e4 c5 2. Nf3 d6 3. d4 cxd4 4. Nxd4 Nf6 5. Nc3 a6 6. Be3 e6 7. f3 b5 8. Qd2 Nbd7 9. a3 Bb7 10. g4 h6 11. 0-0-0 Rc8 12. h4 d5 13. Rg1 dxe4 14. g5 hxg5 15. hxg5 Nd5 16. Nxe4 Qb6 17. g6 f6 18. Bf2 b4 19. axb4 Bxb4 20. c3 Ne5 21. Qc2 Nxc3 22. Nxc3 Bxc3 23. bxc3 Qa5 24. Qb2 Rh2 25. Qxb7 Rxc3+ 26. Kb1 Rxf2 27. Be2 Rxe2 1/2-1/2